[Event "Pan American-ch U20"]
[Site "Cali"]
[Date "2005.10.18"]
[Round "5"]
[White "Soto Garcia, Cristian Antonio"]
[Black "Lotero, Faiber"]
[Result "0-1"]
[WhiteElo "1800"]
[BlackElo "1800"]
[PlyCount "57"]
[EventDate "2005.10.16"]
[EventType "swiss"]
[EventRounds "9"]
[EventCountry "COL"]
[SourceTitle "EXT 2007"]
[Source "ChessBase"]
[SourceDate "2006.11.23"]
[SourceVersion "1"]
[SourceVersionDate "2006.11.23"]
[SourceQuality "1"]

1. d4 d5 2. Nf3 Bf5 3. e3 Nf6 4. c4 e6 5. Nc3 c6 6. Be2 Bd6 7. 0-0 Nbd7 8. b3 0-0 9. Bb2 Ne4 10. Nd2 Qh4 11. Nf3 Qh6 12. h3 Ndf6 13. Ne5 Nxc3 14. Bxc3 Ne4 15. Bb2 f6 16. c5 Bc7 17. Ng4 Bxg4 18. Bxg4 f5 19. Bf3 g5 20. b4 g4 21. Bxg4 fxg4 22. Qxg4+ Qg6 23. Qe2 Kh8 24. Rfc1 Rg8 25. g4 Raf8 26. f3 Ng5 27. f4 Nxh3+ 28. Kg2 Qh5 29. Rf1 0-1